| 000 | 00414nam a2200157 a 4500 | ||
|---|---|---|---|
| 005 | 20140412111409.0 | ||
| 008 | 070807s19uu xx 00 eng d | ||
| 020 | _a971-511-787-2 | ||
| 050 |
_aFil _bAr77 2004 |
||
| 100 | _aHicks, Lesley | ||
| 245 |
_aArthur's Angry! / _cLesley Hicks. |
||
| 260 |
_aPhilippines : _bOMF literature, _c2004. |
||
| 300 | _a32 | ||
| 440 | _aHiyas christian values | ||
| 999 |
_c105615 _d105615 |
||